Rubber products industry needs modernisation (Record no. 52152)

MARC details
000 -LEADER
fixed length control field 00347nam a2200133Ia 4500
100 ## - MAIN ENTRY--AUTHOR NAME
Personal name George C.M.
245 #0 - TITLE STATEMENT
Title Rubber products industry needs modernisation
260 ## - PUBLICATION, DISTRIBUTION, ETC. (IMPRINT)
Name of publisher Rubber Asia
Year of publication 1995
300 ## - PHYSICAL DESCRIPTION
Number of Pages 25-31
650 ## - SUBJECT ADDED ENTRY--TOPICAL TERM
Topical Term Indian rubber industry
650 ## - SUBJECT ADDED ENTRY--TOPICAL TERM
Topical Term Rubber goods export
942 ## - ADDED ENTRY ELEMENTS (KOHA)
Koha item type Bibliography STAF
Holdings
Withdrawn status Lost status Damaged status Not for loan Home library Current library Date acquired Serial Enumeration / chronology Koha item type
      Bibliography RRII Library RRII Library 09/04/2014 Volume 9, Issue 6 Bibliography STAF